| 000 | 00503nam a22001937a 4500 | ||
|---|---|---|---|
| 003 | Ost | ||
| 005 | 20220912141339.0 | ||
| 008 | 220912b |||||||| |||| 00| 0 eng d | ||
| 020 | _a8121916165 | ||
| 040 | _cBT-PhCST | ||
| 050 | _a24425 | ||
| 082 |
_222 _a620.1 _bKHU |
||
| 100 | _aKhurmi, R.S. | ||
| 245 | _aA textbook of engineering mechanics / | ||
| 260 |
_aNew Delhi, _bS. Chand and Company Ltd, _cc1967 |
||
| 300 |
_axii, 765p. ; _bill. ; _c24 cm. |
||
| 500 | _aIncludes index | ||
| 942 |
_2ddc _cCIVIL |
||
| 999 |
_c9018 _d9018 |
||